02036 a2200169 45000010006000000050017000060080041000230030015000640400040000790800048001192450095001670200018002622640033002803000026003135051500003391000027018392841620260407155556.0260407a1990 arg spa dAR-UNSa-BCEJYS aAR-UNSa-BCEJYSbspacAR-UNSa-BCEJYS a347.44xContratos en general. Obligaciones 10aContratos civiles y comercialespPartes general y especial. Figuras contractuales modernas a950-508-320-3 1aBuenos Aires :bAstreac1990 axlvii, 647 p.c20 cm. a1. Punto de partida metodológico para el estudio del contrato - 2. Presupuestos del contrato - 3. El contrato - 4. La causa de los contratos - 5. El objeto - 6. Consentimiento - 7. Forma de los contratos - 8. La prueba de los contratos - 9. Causas que afectan los elementos estructurales del contrato - 10. intrepretación del contrato - 11. efectos de los contratos - 12. extinción de los contratos - 13. Carecterización de los contratos para su clasificación - 14. Equivalencia e inequivalencia de los contratos. Lesión subjetiva-objetiva. Imprevisión - 15. Frustración del contrato por decisión voluntaria. Señal o arras. El pacto comisorio - 16. Los efectos poscumplimiento. Garantía de evicción y vicios redhibitorios - 17. La caracterización contractual - 18. Contrato de transferencias de bienes - 19. Contrato de locación - 20. Contrato de transferencia de tenencia - 21. Contrato de sociedad - 22. Contrato de juego y apuesta - 23. Contrato de fianza - 24. Contrato de representación - 25. Hipercentro de consumo. Franchising y otros institutos - 26. Joint venturas - 27. Factoring - 28. Underwriting - 29. Ahorro previo - 30. Prestación medica prepaga - 31. Seguro de retiro - 32. Contratos de prestación profesional - 33. Contratos de fines recreativos - 34. Producción de obra discográfica, cinematográfica y televisiva - 35. Garaje, estacionamiento y parquímetro - 36. Contratos informáticos - 37. Tarjeta de crédito - 38. Transporte 1 aGhersi, Carlos Alberto